| 000 | 01020cam a2200337 a 4500 | ||
|---|---|---|---|
| 001 | 14513933 | ||
| 003 | OSt | ||
| 005 | 20140310182707.0 | ||
| 008 | 060823s2008 caua 001 0 eng | ||
| 010 | _a 2006933355 | ||
| 020 | _a9789814232470 | ||
| 040 |
_aDLC _cDLC |
||
| 050 | 0 | 0 |
_aQD 31.3 _b.Se438 2008 |
| 082 |
_aM 540.22 _bSe1 2008 |
||
| 100 | 1 | _aSeager, Spencer L. | |
| 245 | 1 | 0 |
_aChemistry for today _bgeneral, organic, and biochemistry _cSeager, Spencer L., Slabaugh, Michael R. |
| 250 | _a6th ed. | ||
| 260 |
_aBelmont, CA. _bThomson Brooks/Cole _cc2008 |
||
| 300 |
_a1 v. (various pagings) _bill. (some col.) _c29 cm. |
||
| 500 | _aIncludes index. | ||
| 521 | _acollege students | ||
| 526 | _c1210L-1700L | ||
| 541 | _j2 | ||
| 541 | _j1 | ||
| 562 | _e2 | ||
| 650 | 0 |
_aChemistry _vTextbooks. |
|
| 700 | 1 |
_aSlabaugh, Michael R., _d1943- |
|
| 906 |
_a7 _bcbc _corignew _d3 _eepcn _f20 _gy-gencatlg |
||
| 942 |
_2lcc _cBK _kM |
||
| 999 |
_c15220 _d15220 |
||